Barcelona a través de los tiempos / (Record no. 29520)

MARC details
000 -LEADER
campo de control de longitud fija 00656nam a2200193 i 4500
001 - NÚMERO DE CONTROL
campo de control 29520
003 - IDENTIFICADOR DE NÚMERO DE CONTROL
campo de control ES-MaACL
005 - FECHA Y HORA DE LA ÚLTIMA TRANSACCIÓN
campo de control 20250630225025.0
007 - CAMPO FIJO DE DESCRIPCIÓN FÍSICA--INFORMACIÓN GENERAL
campo de control de longitud fija t|
008 - DATOS DE LONGITUD FIJA--INFORMACIÓN GENERAL
campo de control de longitud fija 030122s1944 sp ||||1| spa d
245 00 - MENCIÓN DEL TÍTULO
Título Barcelona a través de los tiempos /
Mención de responsabilidad, etc. por Luis Pericot... [et al.] ; viñetas de Sanz Lafita ; grabados de J. Esteva Jelín.
260 ## - PUBLICACIÓN, DISTRIBUCIÓN, ETC.
Lugar de publicación, distribución, etc. Barcelona :
Nombre del editor, distribuidor, etc. Mercedes,
Fecha de publicación, distribución, etc. 1944 (
Fabricante Yuste)
300 ## - DESCRIPCIÓN FÍSICA
Extensión 351 p. :
Otras características físicas il. ;
Dimensiones 30 cm.
700 1# - ENTRADA AGREGADA--NOMBRE PERSONAL
Nombre de persona Pericot, Luis,
Fechas asociadas al nombre 1899-1978
9 (RLIN) 91262
700 1# - ENTRADA AGREGADA--NOMBRE PERSONAL
Nombre de persona Sanz Lafita, Luis Pablo.
9 (RLIN) 103653
700 1# - ENTRADA AGREGADA--NOMBRE PERSONAL
Nombre de persona Esteve Jelín, J.
9 (RLIN) 48148
852 ## - LOCALIZACIÓN
Ubicación ES-MaACL
Número de control de estantería B-10679
Sublocalización o colección R.22173
Holdings
Estatus retirado Estado de pérdida Estado de daño No para préstamo Biblioteca de origen Biblioteca actual Ubicación en estantería Fecha de adquisición Fuente de adquisición Total de préstamos Signatura topográfica completa Código de barras Visto por última vez Precio de reemplazo Tipo de ítem Koha
        Biblioteca del Ateneo de Madrid Biblioteca del Ateneo de Madrid Sala Pardo Bazán 17/01/2008     B-10679 1030476 23/02/2023 23/02/2023 Libro impreso